Biện pháp quản lý công tác giáo dục đạo đức cho học viên trung tâm giáo dục thường xuyên ở thành phố Đà Nẵng
Cơ sở lý luận của việc xác định các biện pháp quản lý giáo dục đạo đức cho học viên trung tâm giáo dục thường xuyên...Thực trạng công tác quản lý giáo dục đạo đức cho học viên các trung tâm giáo dục thường xuyên thành phố Đà Nẵng...Một số biện pháp quản lý giáo dục đạo đức cho học viên các trung tâm...
Na minha lista:
| Autor principal: | |
|---|---|
| Outros Autores: | |
| Formato: | Livro |
| Idioma: | Vietnamese |
| Publicado em: |
Đà Nẵng
Đại học Đà Nẵng
2005
|
| Assuntos: | |
| Tags: |
Adicionar Tag
Sem tags, seja o primeiro a adicionar uma tag!
|
| Thư viện lưu trữ: | Mạng thư viện Đại học Đà Nẵng |
|---|
| LEADER | 01890nam a2200337 4500 | ||
|---|---|---|---|
| 001 | 000010697 | ||
| 003 | 6908 | ||
| 005 | 20111219101243.0 | ||
| 008 | 111219s2005 viesd | ||
| 041 | |a vie | ||
| 072 | |a Luận văn thạc sĩ giáo dục học | ||
| 082 | |a 373.2 |b NG-G | ||
| 100 | 1 | |a Nguyễn Tấn Giao | |
| 245 | 1 | |a Biện pháp quản lý công tác giáo dục đạo đức cho học viên trung tâm giáo dục thường xuyên ở thành phố Đà Nẵng |c Nguyễn Tấn Giao | |
| 260 | |a Đà Nẵng |b Đại học Đà Nẵng |c 2005 | ||
| 300 | |a 117 tr |c 29 cm |e Bản tóm tắt | ||
| 500 | |a Luận văn thạc sĩ giáo dục học: Chuyên ngành:Quản lý giáo dục. Mã số: 60.14.05 | ||
| 520 | |a Cơ sở lý luận của việc xác định các biện pháp quản lý giáo dục đạo đức cho học viên trung tâm giáo dục thường xuyên...Thực trạng công tác quản lý giáo dục đạo đức cho học viên các trung tâm giáo dục thường xuyên thành phố Đà Nẵng...Một số biện pháp quản lý giáo dục đạo đức cho học viên các trung tâm giáo dục thường xuyên ... | ||
| 653 | |a Luận văn thạc sĩ giáo dục học |a Biện pháp quản lý giáo dục đạo đức | ||
| 653 | |a Trung tâm giáo dục thường xuyên thành phố Đà Nẵng | ||
| 700 | |a Hà Nhật Thăng |c hướng dẫn |e PGS.TS | ||
| OWN | |a LSP | ||
| AVA | |a UDN50 |b LSP |d 373.2 NG-G |e available |t Error 5001 Not defined in file expand_doc_bib_avail. |f 1 |g 0 |h N |i 0 |k 1 | ||
| 999 | |a From the UDN01 | ||
| AVA | |a UDN50 |b LSP |d 373.2 NG-G |e available |t Error 5001 Not defined in file expand_doc_bib_avail. |f 1 |g 0 |h N |i 0 |k 1 | ||
| TYP | |a Monograph | ||
| TYP | |a Printed language | ||
| 980 | |a Mạng thư viện Đại học Đà Nẵng | ||